000 00309nam a2200145Ia 4500
100 _aJones/ Russell A
942 _cBK
654 _aComputer
245 _aMastering Active Server Pages 3
260 _bB.P.B Pub
_c2000
082 _a5.133
_bJON/ASP
300 _a890
546 _aENGLISH
999 _c29136
_d29136